| 000 | 00743nam a2200217 a 4500 | ||
|---|---|---|---|
| 001 | 021448 | ||
| 003 | BD-ChCU | ||
| 005 | 20251217124722.0 | ||
| 008 | 251217 Ben | ||
| 040 |
_aDLC _cDLC _dBD-ChCU |
||
| 082 | 0 | 0 | _a৮১৩.০১৮ বড়ু ২৬ কা |
| 100 |
_aবড়ুয়া, সুব্রত _b _918281 |
||
| 245 | 1 | 0 |
_aকাচপোকা / _b _cসুব্রত বড়ুয়া |
| 250 | _a২ সং | ||
| 260 |
_aঢাকা _bপুনম প্রকাশনী, _c১৯৯৩ |
||
| 300 | _a৭৮পৃ. : | ||
| 504 | _a- Biblio- | ||
| 650 | 0 |
_aবাংলা ছোটগল্প - আধুনিক যুগ ছোটগল্প _b _918282 |
|
| 700 | 1 | _a- | |
| 942 |
_2ddc _cBK |
||
| 999 |
_c110521 _d110521 |
||